Statistics for European Union Countries Map Quiz

Click here to take the quiz!

General Stats

  • This quiz has been taken 2,456 times
  • The average score is 24 of 27

Answers on the Map

Answers color-coded by a green-red scale on the quiz's map according to % correct below.
 

Answer Stats

Answer% Correct
France
96%
Ireland
95%
Spain
95%
Portugal
94%
Germany
93%
Finland
92%
Belgium
91%
Denmark
91%
Italy
91%
Luxembourg
91%
Netherlands
90%
Poland
90%
Sweden
90%
Greece
88%
Estonia
87%
Lithuania
86%
Malta
86%
Austria
85%
Cyprus
85%
Croatia
84%
Latvia
84%
Bulgaria
82%
Czechia
81%
Romania
81%
Hungary
80%
Slovenia
80%
Slovakia
77%

Score Distribution

Percentile by Number Answered

Percent of People with Each Score

Your Score History

You have not taken this quiz